Có một đêm như thế Tập truyện ngắn được giải thưởng tạp chí văn nghệ quân đội-1981
Tập truyện của các nhà văn được giải thưởng trong cuộc thi truyện ngắn do tạp chí Văn nghệ quân đội tổ chức
Guardado en:
| Autor principal: | |
|---|---|
| Otros Autores: | , , |
| Formato: | Libro |
| Lenguaje: | Vietnamese |
| Publicado: |
H.
Văn nghệ quân đội
1981
|
| Materias: | |
| Etiquetas: |
Agregar Etiqueta
Sin Etiquetas, Sea el primero en etiquetar este registro!
|
| Thư viện lưu trữ: | Mạng thư viện Đại học Đà Nẵng |
|---|
| LEADER | 01441nam a22003738a 4500 | ||
|---|---|---|---|
| 001 | 000005383 | ||
| 003 | 1527 | ||
| 005 | 20110816100851.0 | ||
| 008 | 110816s1981 b 000 0 vieod | ||
| 020 | |c 20000 |d 40000b | ||
| 041 | 0 | |a vie | |
| 082 | |a 895.9223 |b COM | ||
| 084 | |a V6(1)7z43 |b C400M | ||
| 100 | 1 | |a Phạm Thị Minh Thư | |
| 245 | 1 | 0 | |a Có một đêm như thế |b Tập truyện ngắn được giải thưởng tạp chí văn nghệ quân đội-1981 |c Phạm Thị Minh Thư, Phạm Hoa, Ma Văn Kháng... |
| 260 | |a H. |b Văn nghệ quân đội |c 1981 | ||
| 300 | |a 438tr |c 19cm | ||
| 520 | |a Tập truyện của các nhà văn được giải thưởng trong cuộc thi truyện ngắn do tạp chí Văn nghệ quân đội tổ chức | ||
| 653 | |a truyện ngắn | ||
| 653 | |a Văn học hiện đại | ||
| 653 | |a Việt Nam | ||
| 700 | 1 | |a Phạm Hoa |e Tác giả | |
| 700 | 1 | |a Ma Văn Kháng |e Tác giả | |
| 700 | 1 | |a Trần Huy Quang |e Tác giả | |
| OWN | |a LSP | ||
| AVA | |a UDN50 |b LSP |d 895.9223 COM |e unavailable |t Error 5002 Not defined in file expand_doc_bib_avail. |f 1 |g 1 |h N |i 0 |k 1 | ||
| 999 | |a From the UDN01 | ||
| AVA | |a UDN50 |b LSP |d 895.9223 COM |e unavailable |t Error 5002 Not defined in file expand_doc_bib_avail. |f 1 |g 1 |h N |i 0 |k 1 | ||
| TYP | |a Monograph | ||
| TYP | |a Printed language | ||
| 980 | |a Mạng thư viện Đại học Đà Nẵng | ||